|
|
|
|
| LEADER |
01508nam a2200385 a 4500 |
| 001 |
000656013 |
| 003 |
CZ BrMZK |
| 005 |
20030701101330.0 |
| 007 |
ta |
| 008 |
030304s2002 xr a f p 000 0 ger d |
| 015 |
|
|
|a cnb001195765
|
| 020 |
|
|
|a 80-210-2953-6
|q (brož.)
|
| 035 |
|
|
|a (OCoLC)53274588
|
| 040 |
|
|
|a BOA001
|b cze
|
| 080 |
|
|
|a (075.8)
|2 MRF
|
| 080 |
|
|
|a 811.112.2
|2 MRF
|
| 080 |
|
|
|a 81'34
|2 MRF
|
| 100 |
1 |
|
|a Rothenhagen, Richard,
|d 1939-
|7 mzk2003171421
|4 aut
|
| 245 |
1 |
0 |
|a Phonetischer Grundkurs der deutschen Sprache für Tschechissprecher /
|c Richard Rothenhagen
|
| 250 |
|
|
|a 2. vyd.
|
| 260 |
|
|
|a Brno :
|b Masarykova univerzita,
|c 2002
|
| 300 |
|
|
|a 49 s. :
|b il. ;
|c 21 cm
|
| 500 |
|
|
|a 400 výt.
|
| 504 |
|
|
|a Obsahuje bibliografii
|
| 650 |
0 |
7 |
|a němčina
|7 ph115512
|2 czenas
|
| 650 |
0 |
7 |
|a fonetika
|7 ph135255
|2 czenas
|
| 650 |
0 |
7 |
|a fonologie
|7 ph120286
|2 czenas
|
| 655 |
|
7 |
|a učebnice vysokých škol
|7 fd133772
|2 czenas
|
| 710 |
2 |
|
|a Masarykova univerzita.
|b Pedagogická fakulta
|7 kn20010709279
|
| 910 |
|
|
|a BOA001
|b 2-1116.108
|
| 990 |
|
|
|a BK
|
| 996 |
6 |
|
|b 2610185098
|c 2-1116.108
|l MZK
|r Sklad / do 1 hodiny
|n 0
|p p.v.
|w 000656013
|u 000010
|a 1
|e BOA001
|j MZK50
|s P
|
| 996 |
7 |
|
|b 2610185593
|c 2-1116.108
|l MZK
|r Sklad / do 1 hodiny
|n 11
|p kup
|w 000656013
|u 000020
|a 1
|e BOA001
|j MZK50
|s A
|
| 996 |
7 |
|
|b 2610185594
|c 2-1116.108
|l MZK
|r Sklad / do 1 hodiny
|n 2
|p kup
|w 000656013
|u 000030
|a 1
|e BOA001
|j MZK50
|s A
|
| 996 |
7 |
|
|b 2610185595
|c 2-1116.108
|l MZK
|r Sklad / do 1 hodiny
|n 3
|p kup
|w 000656013
|u 000040
|a 1
|e BOA001
|j MZK50
|s A
|